000 01422cam a2200397 a 4500
001 36105
005 20230404125743.0
008 900831s1992 sp a b 001 0dspa
035 _9(DLC) 90191070
035 _a3897500
942 _2lcc
_cbk
010 _a 90191070
020 _a8420603953
040 _aDLC
_cDLC
_dDLC
041 1 _aspa
_hita
043 _acl-----
_ae-sp---
050 1 4 _a000 E 141
_bB456h 1992
100 1 _aBenzoni, Girolamo,
_db. 1519.
240 1 0 _aHistoria del mondo nuovo.
_lSpanish
245 1 0 _aHistoria del nuevo mundo /
_cGirolamo Benzoni ; introducción y notas de Manuel Carrera Díaz.
260 _aSanto Domingo :
_bSociedad Dominicana de Bibliófilos,
_cc1992.
300 _a350 p. :
_bill. ;
_c19 cm.
490 0 _aSección clásicos
490 0 _aEl Libro del bolsillo ;
_v1395
500 _aTranslation of: Historia del mondo nuovo.
504 _aIncludes bibliographical references (p. 53-57) and index.
653 _aHistoria moderna - Siglo XVI
653 _aHistoriadores - América Latina-Historia
653 _aCaribe (Región) - Historia
651 0 _aAmerica
_xDiscovery and exploration
_xSpanish.
651 0 _aSpain
_xColonies
_zAmerica
_xAdministration.
650 0 _aIndians, Treatment of
_zLatin America
_xHistory
_y16th century.
600 1 0 _aBenzoni, Girolamo,
_db. 1519
_xTravel
_zLatin America.
700 2 _aCarrera Díaz, Manuel.
922 _aax
999 _c3980
_d3980